[Event "38th Olympiad"]
[Site "Dresden GER"]
[Date "2008.11.23"]
[Round "10"]
[White "Djuraev,S"]
[Black "Mansour,Sam"]
[Result "1-0"]
[WhiteElo "2339"]
[BlackElo "2285"]
[EventDate "2008.11.13"]

1. e4 c5 2. Nf3 g6 3. d4 cxd4 4. Nxd4 Nc6 5. c4 Bg7 6. Be3 Nf6 7. Nc3 d6 8.
Be2 Bd7 9. O-O O-O 10. Nc2 a5 11. f3 a4 12. Qd2 Qa5 13. Rfd1 Be6 14. Nd5
Qxd2 15. Rxd2 Nd7 16. Rb1 Rfc8 17. Bf1 Kf8 18. Kf2 Na5 19. Na3 Nc6 20. Nb5
Bxd5 21. exd5 Nb4 22. b3 axb3 23. axb3 Nc5 24. g3 b6 25. h4 Ra1 26. Rxa1
Bxa1 27. Rd1 Ra8 28. Bd2 Ra2 29. Be2 Nc2 30. Rb1 Na3 31. Nxa3 Rxa3 32. Bc1
Bd4+ 33. Kf1 Rxb3 34. Bh6+ Ke8 35. Rd1 e5 36. dxe6 Nxe6 37. Bd2 Ke7 38. Be1
Bc5 39. Bd2 Nd4 40. Re1 Nxe2 41. Kxe2 Kd7 42. Rf1 Kc6 43. h5 Bd4 44. hxg6
hxg6 45. Rh1 Kd7 46. g4 Ke6 47. Re1 d5 48. cxd5+ Kxd5 49. Rc1 Bc5 50. Rh1
Bd4 51. Rc1 Be5 52. Rc8 Bd6 53. Rd8 Ke6 54. Re8+ Kd7 55. Rh8 b5 56. Rh1 b4
57. Rc1 Rb2 58. Rc4 Ke6 59. Kd3 Rb3+ 60. Ke2 Kd5 61. Rc8 Ra3 62. Rd8 Kc6
63. Rd7 Ra2 64. Rd8 Kd5 65. Kd3 Ra3+ 66. Ke2 Kc6 67. Rxd6+ 1-0

[Event "38th Olympiad"]
[Site "Dresden GER"]
[Date "2008.11.23"]
[Round "10"]
[White "Mohannad,F"]
[Black "Khamdamov,S"]
[Result "0-1"]
[WhiteElo "2269"]
[BlackElo "2219"]
[EventDate "2008.11.13"]

1. d4 g6 2. e4 Bg7 3. Nc3 c6 4. f4 d5 5. e5 h5 6. Be3 Nh6 7. Nf3 Bg4 8. Be2
Bxf3 9. Bxf3 e6 10. O-O Nd7 11. Bf2 Bf8 12. Na4 Nf5 13. c4 dxc4 14. Nc3 Nb6
15. Ne4 Nd5 16. Qc1 Be7 17. Be2 b5 18. b3 Nb4 19. Rd1 cxb3 20. axb3 O-O 21.
Bf3 a5 22. g3 Kg7 23. h3 Rh8 24. Kg2 a4 25. bxa4 Rxa4 26. Nc5 Rxa1 27. Qxa1
Nd5 28. Kg1 g5 29. Nd3 b4 30. g4 hxg4 31. hxg4 Nh4 32. Bxh4 Rxh4 33. f5
exf5 34. gxf5 f6 35. Nc5 Bxc5 36. dxc5 Qe7 37. exf6+ Nxf6 38. Rd6 Rf4 39.
Qc1 Rxf5 40. Bxc6 Qe5 41. Bg2 Ng4 42. Rd7+ Kh6 0-1

[Event "38th Olympiad"]
[Site "Dresden GER"]
[Date "2008.11.23"]
[Round "10"]
[White "Franco Ocampos,Z"]
[Black "Anit,T"]
[Result "1-0"]
[WhiteElo "2501"]
[BlackElo "1881"]
[EventDate "2008.11.13"]

1. d4 d5 2. Nf3 Nf6 3. e3 e6 4. Bd3 c5 5. b3 cxd4 6. exd4 Be7 7. O-O b6 8.
Bb2 O-O 9. c4 Bb7 10. Qe2 Nc6 11. Nc3 dxc4 12. bxc4 Nb4 13. Bb1 Bxf3 14.
gxf3 Nc6 15. d5 Nd4 16. Qd3 Bc5 17. Ne4 Nf5 18. Ng3 Be7 19. Nxf5 exf5 20.
Qxf5 g6 21. Qe5 Qd7 22. Re1 Rfe8 23. Bd3 Rac8 24. Qc3 Bd8 25. Rxe8+ Qxe8
26. Re1 Qd7 27. Qd4 Rc7 28. Re4 Qd6 29. Re8+ Kg7 30. Re4 Re7 31. Qe3 Rxe4
32. fxe4 Qb4 33. Bd4 Kg8 34. Kg2 Qa3 35. e5 Nh5 36. Be2 Qxe3 37. Bxe3 Ng7
38. c5 bxc5 39. Bxc5 a5 40. Bg4 g5 41. Kf3 f5 42. exf6 Bxf6 43. Bb6 h5 44.
Bc8 a4 45. Bd7 a3 46. Bc5 Bb2 47. Ke4 Kf7 48. Bb4 Kf6 49. h3 Kf7 50. d6 Ne8
51. Kf5 Ng7+ 52. Kxg5 Bc1+ 53. f4 Bb2 54. Kh4 Kf6 55. Kg3 Nf5+ 56. Bxf5
Kxf5 57. d7 h4+ 58. Kf3 1-0

[Event "38th Olympiad"]
[Site "Dresden GER"]
[Date "2008.11.23"]
[Round "10"]
[White "Peralta,E"]
[Black "Sharify,A"]
[Result "1-0"]
[WhiteElo "2257"]
[BlackElo "2118"]
[EventDate "2008.11.13"]

1. d4 Nf6 2. Nf3 e6 3. Bg5 d5 4. Nbd2 Be7 5. e3 Nbd7 6. Bd3 c5 7. c3 O-O 8.
O-O b6 9. Ne5 Nxe5 10. dxe5 Nd7 11. Bxe7 Qxe7 12. f4 f6 13. exf6 Rxf6 14.
Nf3 Bb7 15. Bb5 Nf8 16. Ne5 c4 17. Ba4 b5 18. Bc2 Nd7 19. Ng4 Rff8 20. Qd4
Qh4 21. f5 Qe7 22. fxe6 Qxe6 23. Rxf8+ Rxf8 24. Rf1 Rxf1+ 25. Kxf1 a5 26.
Qf4 g6 27. h3 Bc6 28. Qd4 h5 29. Nh2 Ne5 30. Kg1 Qf6 31. a3 a4 32. Nf1 Kh7
33. Ng3 Qg5 34. Kh2 Kh6 35. Nf5+ gxf5 36. Qxe5 d4 37. Qd6+ Qg6 38. Qxg6+
Kxg6 39. exd4 Kg5 40. Kg3 h4+ 41. Kf2 Kf4 42. Bd1 Be8 43. Bf3 Bd7 44. Bb7
Be8 45. d5 Ke5 46. Bc6 Bf7 47. Bxb5 Bxd5 48. Bxa4 f4 49. Bd1 Kd6 50. Bf3
Bf7 51. Be4 Bh5 52. Bf5 Bd1 53. Bg4 Ba4 54. Be2 Kc5 55. Kf3 Bc6+ 56. Kxf4
Bxg2 57. Kg4 Be4 58. Kxh4 Bd3 59. Bf3 Kb5 60. Bd1 Kc5 61. Kg3 Kd5 62. Kf4
1-0

[Event "38th Olympiad"]
[Site "Dresden GER"]
[Date "2008.11.23"]
[Round "10"]
[White "Njobvu,I"]
[Black "Kojima,S"]
[Result "1-0"]
[WhiteElo "2247"]
[BlackElo "2272"]
[EventDate "2008.11.13"]

1. d4 Nf6 2. Nf3 d5 3. e3 c6 4. Ne5 Bf5 5. Bd3 e6 6. Bxf5 exf5 7. Nd2 Nbd7
8. Nd3 Bd6 9. c4 O-O 10. cxd5 cxd5 11. Nf3 Ne4 12. O-O Re8 13. Qb3 Nb6 14.
Bd2 a5 15. Rfd1 Ra6 16. Be1 Nc4 17. Qa4 Qb8 18. Qb5 Nf6 19. g3 Rb6 20. Qa4
Rc6 21. Rdc1 Rec8 22. Qd1 b6 23. a4 Ne4 24. b4 axb4 25. Bxb4 f6 26. Qb3 Qc7
27. Be1 g6 28. Qb5 Qf7 29. Bb4 Qe6 30. Bxd6 Nexd6 31. Nf4 Nxb5 32. Nxe6 Nc7
33. Nf4 Rd6 34. Nd3 Ra8 35. Nb4 Ne8 36. Nxd5 Nb2 37. Nc3 Rc6 38. Rcb1 Rxc3
39. Rxb2 Ra6 40. Rab1 Rc6 41. Kg2 Nc7 42. Rb5 Kf7 43. Ne1 Na8 44. R5b4 Rc3
45. Ra1 Nc7 46. a5 Nd5 47. Rb5 Ke6 48. axb6 Rxb6 49. Rxb6+ Nxb6 50. Ra6 Rc6
51. Nd3 Rd6 52. Nc5+ Kd5 53. Ra7 h6 54. Rh7 g5 55. Rxh6 f4 56. gxf4 gxf4
57. Rh5+ Kc4 58. Rf5 fxe3 59. fxe3 Nd5 60. Kf3 Rd8 61. Ne4 Ne7 62. Rc5+ Kb4
63. h4 Nd5 64. h5 f5 65. Ng3 f4 66. exf4 Nc3 67. Ne4 Na4 68. Rg5 Rxd4 69.
h6 1-0

[Event "38th Olympiad"]
[Site "Dresden GER"]
[Date "2008.11.23"]
[Round "10"]
[White "Uesugi,S"]
[Black "Pitlagano,T"]
[Result "1-0"]
[WhiteElo "2222"]
[BlackElo "2155"]
[EventDate "2008.11.13"]

1. Nf3 f5 2. g3 Nf6 3. Bg2 e6 4. O-O Be7 5. d3 d6 6. Nbd2 O-O 7. e4 fxe4 8.
dxe4 e5 9. c3 h6 10. Nh4 Kh7 11. Qc2 c6 12. Nc4 Be6 13. Ne3 g6 14. f4 Nh5
15. Nxg6 Kxg6 16. f5+ Kg7 17. fxe6 Rxf1+ 18. Kxf1 Bf8 19. Qf2 Qf6 20. Bf3
Qxe6 21. Nf5+ Kg6 22. Nh4+ Kg7 23. Bxh5 Nd7 24. Qf5 Qxf5+ 25. Nxf5+ Kh7 26.
Bf3 Nf6 27. Ne3 d5 28. Ng4 Nxg4 29. Bxg4 Bc5 30. Bf5+ Kg7 31. Ke2 d4 32.
cxd4 Bxd4 33. Be3 Kf6 34. Bxd4 exd4 35. Kd3 c5 36. Rc1 b6 37. b4 cxb4 38.
Rc6+ Kf7 39. Rxh6 b5 40. Ra6 Ke7 41. h4 Kd8 42. h5 Kc7 43. h6 Kb7 44. Rg6
1-0

[Event "38th Olympiad"]
[Site "Dresden GER"]
[Date "2008.11.23"]
[Round "10"]
[White "Barileng,G"]
[Black "Sano,T"]
[Result "0-1"]
[WhiteElo "2107"]
[BlackElo "2111"]
[EventDate "2008.11.13"]

1. Nf3 Nf6 2. c4 c5 3. g3 Nc6 4. Bg2 d5 5. cxd5 Nxd5 6. O-O e5 7. d3 Be7 8.
Nc3 Nc7 9. Be3 O-O 10. Rc1 Bd7 11. Nd2 Rc8 12. Nce4 b6 13. Nc4 Be8 14. Bd2
Kh8 15. Ne3 f5 16. Nc3 Nd4 17. Ncd5 Nxd5 18. Nxd5 Bh5 19. Re1 Bg5 20. Bxg5
Qxg5 21. f4 Qh6 22. Qd2 Rfe8 23. Nc3 exf4 24. gxf4 Re6 25. h3 Rce8 26. Kf2
Bxe2 27. Nxe2 Rxe2+ 28. Rxe2 Rxe2+ 29. Qxe2 Qxf4+ 30. Bf3 Nxe2 31. Re1 Qh2+
32. Bg2 Qg3+ 33. Kf1 Qxd3 34. Rxe2 g6 0-1

[Event "38th Olympiad"]
[Site "Dresden GER"]
[Date "2008.11.23"]
[Round "10"]
[White "Gentilleau,JP"]
[Black "Chan Yi Ren,D"]
[Result "0-1"]
[WhiteElo "2158"]
[BlackElo "2260"]
[EventDate "2008.11.13"]

1. e4 e5 2. Nf3 Nc6 3. Nc3 Nf6 4. d4 exd4 5. Nxd4 Bb4 6. Nxc6 bxc6 7. Bd3
d6 8. O-O Be6 9. Ne2 Bc5 10. h3 Nd7 11. Nf4 O-O 12. Bd2 Ne5 13. Bc3 Qg5 14.
Bd2 Qg3 15. Qe2 Bg4 16. Nh5 Bxe2 17. Nxg3 Bxf1 18. Bxf1 Rfe8 19. a4 Rab8
20. b3 g6 21. Ba5 Bb4 22. Bxb4 Rxb4 23. Rd1 Reb8 24. f4 Nd7 25. Be2 Nc5 26.
Bf3 Ne6 27. Ne2 c5 28. Rd5 Kf8 29. e5 Ke7 30. exd6+ cxd6 31. f5 Nf4 32. Rd2
Nxe2+ 33. Rxe2+ Kf6 34. fxg6 hxg6 35. Bd5 Rf4 36. Re3 Rf5 37. c4 a5 38. Bc6
Re5 39. Rd3 Ke7 40. Rf3 f5 41. Rd3 Rc8 42. Bf3 Rh8 43. Kf2 Rh4 44. Bc6 Rd4
45. Rc3 Kf6 46. g3 Rd2+ 47. Kf3 g5 48. Bb7 Rh2 49. Rd3 Ree2 0-1

[Event "38th Olympiad"]
[Site "Dresden GER"]
[Date "2008.11.23"]
[Round "10"]
[White "Chambule,P"]
[Black "Mabusela,J"]
[Result "0-1"]
[WhiteElo "2100"]
[BlackElo "2273"]
[EventDate "2008.11.13"]

1. e4 d6 2. Nf3 Nf6 3. Nc3 g6 4. d4 Bg7 5. Bc4 O-O 6. Bb3 Nc6 7. h3 Na5 8.
Ba4 c6 9. b4 b5 10. Bb3 Nxb3 11. axb3 Bb7 12. O-O a5 13. bxa5 Rxa5 14. Rxa5
Qxa5 15. Bd2 b4 16. e5 bxc3 17. exf6 Bxf6 18. Be3 Ra8 19. Ne1 Qd5 20. Qf3
Ba6 21. Nd3 Bxd3 22. cxd3 Qxf3 23. gxf3 Rb8 24. Rb1 Rb4 25. Kf1 Bxd4 26.
Ke2 Bxe3 27. fxe3 c2 28. Rc1 Rxb3 29. Rxc2 c5 30. d4 cxd4 31. exd4 Kg7 32.
Kf2 Kf6 33. Re2 h5 34. Re4 d5 35. Rf4+ Ke6 36. h4 f5 37. Ke2 Kf6 38. Kf2
Ke6 39. Ke2 Kd6 40. Kd2 Kc6 41. Kc2 Rb8 42. Kc3 Kb5 43. Kd3 Kb4 44. Ke3 Kc3
45. Ke2 Rb2+ 46. Ke3 Rh2 0-1

[Event "38th Olympiad"]
[Site "Dresden GER"]
[Date "2008.11.23"]
[Round "10"]
[White "Quinn,M"]
[Black "Gebregziabher,B"]
[Result "1-0"]
[WhiteElo "2401"]
[BlackElo "2073"]
[EventDate "2008.11.13"]

1. c4 Nf6 2. Nc3 e6 3. e4 d6 4. d4 Be7 5. Bd3 e5 6. Nge2 c6 7. h3 h6 8. O-O
O-O 9. Kh1 Nbd7 10. f4 c5 11. dxe5 dxe5 12. Ng3 Re8 13. Nf5 Bf8 14. Bc2
exf4 15. Bxf4 Nb6 16. b3 Bxf5 17. exf5 Qc8 18. Qf3 Qc6 19. Qxc6 bxc6 20.
Bd1 Rad8 21. Bf3 Rd3 22. Rac1 Bd6 23. Bxc6 Bxf4 24. Rxf4 Ree3 25. Rf3 Rxf3
26. Bxf3 Nbd7 27. Rc2 Ne5 28. Be2 Rd7 29. g4 Kf8 30. Kg2 Rd4 31. Nb5 Rd7
32. a3 Ne4 33. b4 f6 34. Bf3 Nd2 35. Bd5 a6 36. bxc5 axb5 37. c6 Ndxc4 38.
cxd7 Ke7 39. Rc3 Kxd7 40. a4 Kd6 41. Bxc4 bxc4 42. a5 Kc6 43. a6 Kb6 44.
Ra3 Ka7 45. Kf2 Nd3+ 46. Ke3 Nb4 47. Ra4 Nxa6 48. Kd4 Kb6 49. Rxa6+ Kxa6
50. Kxc4 Kb6 51. Kd5 Kc7 52. Ke4 1-0

[Event "38th Olympiad"]
[Site "Dresden GER"]
[Date "2008.11.23"]
[Round "10"]
[White "Abera,Y"]
[Black "Heidenfeld,M"]
[Result "0-1"]
[WhiteElo "2201"]
[BlackElo "2364"]
[EventDate "2008.11.13"]

1. e4 e5 2. Nf3 Nc6 3. Bc4 Nf6 4. d3 d5 5. exd5 Nxd5 6. O-O Nb6 7. Bb3 Be7
8. Re1 Bg4 9. h3 Bxf3 10. Qxf3 O-O 11. Be3 Bd6 12. Nd2 Na5 13. Ne4 c6 14.
Bg5 Be7 15. Qh5 Nxb3 16. axb3 f6 17. Bd2 Nd5 18. Ng3 g6 19. Qe2 Re8 20. Ra4
Qd7 21. h4 f5 22. h5 Bf6 23. Qd1 a6 24. Qc1 Qd8 25. Ne2 Rc8 26. g3 c5 27.
Kg2 Rc6 28. Ng1 Rce6 29. f3 Nb6 30. Ba5 Qd5 31. Bxb6 Rxb6 32. hxg6 hxg6 33.
Nh3 Rb4 34. Qh6 Qf7 35. Qe3 Rd4 36. Rh1 f4 37. Qe1 Qd7 38. Qa5 fxg3 39.
Rxd4 Qxd4 40. Qa4 Re7 41. Qc4+ Kg7 42. Qxd4 exd4 43. Kxg3 Re2 44. Rc1 Kf7
45. Ng1 Rd2 46. f4 g5 47. Nf3 gxf4+ 48. Kxf4 Rg2 49. Ke4 Ke6 50. Ne1 Rg1
51. Kf3 Bg5 52. Rd1 Kf5 53. Ra1 Bh4 54. Ke2 Kg4 55. Rb1 Rh1 56. Rc1 Bg5 57.
Rb1 Rh2+ 58. Kf1 Be3 59. Ra1 Kg3 60. Ng2 Rxg2 61. Ra5 Kf3 0-1

[Event "38th Olympiad"]
[Site "Dresden GER"]
[Date "2008.11.23"]
[Round "10"]
[White "Del Castilho,M"]
[Black "Esenov,An"]
[Result "0-1"]
[WhiteElo "2161"]
[BlackElo "2319"]
[EventDate "2008.11.13"]

1. e4 c5 2. Nf3 d6 3. d4 cxd4 4. Nxd4 Nf6 5. Nc3 a6 6. Be3 e6 7. g4 b5 8.
g5 Nfd7 9. Qd2 Bb7 10. f3 Nb6 11. h4 b4 12. Nd1 d5 13. e5 Nc4 14. Bxc4 dxc4
15. Rh3 Qd5 16. f4 Nc6 17. c3 Rd8 18. Nf2 Bc5 19. O-O-O bxc3 20. bxc3 Ba3+
21. Kb1 O-O 22. Ka1 Qa5 23. Qc2 Nxd4 24. Bxd4 Bc6 25. Rb1 Rb8 26. Ng4 Ba4
27. Qe4 Qd5 28. Qxd5 Rxb1+ 29. Kxb1 Rb8+ 0-1

[Event "38th Olympiad"]
[Site "Dresden GER"]
[Date "2008.11.23"]
[Round "10"]
[White "Corbin,Ph"]
[Black "Amanov,M"]
[Result "1-0"]
[WhiteElo "2176"]
[BlackElo "2357"]
[EventDate "2008.11.13"]

1. e4 c5 2. Nf3 d6 3. d4 cxd4 4. Nxd4 Nf6 5. Nc3 a6 6. Be2 e6 7. g4 h6 8.
Be3 Nbd7 9. h4 b5 10. a3 Bb7 11. f3 Nb6 12. Qd2 e5 13. Nf5 d5 14. exd5
Nbxd5 15. O-O-O Qc7 16. g5 Nxc3 17. gxf6 Nxe2+ 18. Qxe2 gxf6 19. Rhe1 Rc8
20. Bd4 Be7 21. Bc3 Qc4 22. Qd2 Rd8 23. Qxd8+ Bxd8 24. Nd6+ Ke7 25. Nxc4
bxc4 26. f4 e4 27. f5 Rg8 28. Rd4 Bc7 29. Bb4+ Ke8 30. Red1 a5 31. Rd7 Bf4+
32. Kb1 axb4 33. Rd8+ 1-0

[Event "38th Olympiad"]
[Site "Dresden GER"]
[Date "2008.11.23"]
[Round "10"]
[White "Zambrana,O"]
[Black "Velasco,S"]
[Result "1-0"]
[WhiteElo "2478"]
[BlackElo "2287"]
[EventDate "2008.11.13"]

1. e4 c5 2. Nf3 e6 3. d4 cxd4 4. Nxd4 a6 5. c4 Nf6 6. Nc3 Qc7 7. a3 Nc6 8.
Be3 Be7 9. Be2 Ne5 10. Rc1 Ng6 11. O-O b6 12. f4 O-O 13. e5 Ne8 14. Bf3 Bb7
15. Na4 d6 16. Bxb7 Qxb7 17. Qf3 d5 18. cxd5 Nh4 19. Qh3 exd5 20. Nc6 1-0

[Event "38th Olympiad"]
[Site "Dresden GER"]
[Date "2008.11.23"]
[Round "10"]
[White "Santa Torres,J"]
[Black "Cueto,Jo"]
[Result "1/2-1/2"]
[WhiteElo "2233"]
[BlackElo "2320"]
[EventDate "2008.11.13"]

1. e4 d6 2. d4 Nf6 3. f3 e5 4. Ne2 Nbd7 5. c4 c6 6. Be3 Qc7 7. Nbc3 Be7 8.
g3 O-O 9. Bg2 Re8 10. O-O Bf8 11. Rc1 g6 12. g4 Bg7 13. Ng3 Nf8 14. d5 N6d7
15. Qd2 a5 16. dxc6 bxc6 17. Rfd1 Qb7 18. b3 Ne6 19. Nge2 Bf8 20. h3 Nec5
21. Rb1 Qb4 22. Qc1 Qb7 23. Qd2 Qb4 24. Qc1 Qb7 25. Qd2 1/2-1/2

[Event "38th Olympiad"]
[Site "Dresden GER"]
[Date "2008.11.23"]
[Round "10"]
[White "Gemy,J"]
[Black "Raul,V"]
[Result "1-0"]
[WhiteElo "2200"]
[BlackElo "2099"]
[EventDate "2008.11.13"]

1. d4 Nf6 2. Nf3 c5 3. e3 g6 4. c4 Bg7 5. Nc3 O-O 6. Be2 cxd4 7. exd4 d5 8.
c5 b6 9. cxb6 Qxb6 10. O-O Ba6 11. Rb1 Bxe2 12. Qxe2 Nc6 13. Rd1 Rfc8 14.
Bg5 e6 15. h3 Nd7 16. Be3 Rab8 17. Qd2 Ne7 18. g4 Nf6 19. Bg5 Nc6 20. Qf4
Nd7 21. Qe3 Qa5 22. Bh6 Qd8 23. Rdc1 Bxh6 24. Qxh6 Qf6 25. Qe3 Qd8 26. Kg2
Nf6 27. b3 Kg7 28. Na4 Nb4 29. Rxc8 Rxc8 30. Nc5 Nc2 31. Qe5 Kg8 32. Rc1
Nd7 33. Qd6 Nxc5 34. Qxd8+ Rxd8 35. Rxc2 Na6 36. a3 Rd7 37. Ne5 Rc7 38. Rc6
f6 39. Rxa6 fxe5 40. dxe5 Kf7 41. h4 Ke7 42. b4 Rb7 43. f3 Kd7 44. Kf2 Ke7
45. Ke3 Kf7 46. Kd4 Ke7 47. Rc6 Kd7 48. Kc5 Ke7 49. b5 Rd7 50. Kd4 Rb7 51.
a4 Rd7 52. Rc8 1-0

[Event "38th Olympiad"]
[Site "Dresden GER"]
[Date "2008.11.23"]
[Round "10"]
[White "Bermudez Adams,W"]
[Black "Luna,Ra"]
[Result "1-0"]
[WhiteElo "2169"]
[BlackElo "2133"]
[EventDate "2008.11.13"]

1. e4 c5 2. Nc3 Nc6 3. f4 g6 4. Nf3 Bg7 5. Bb5 Nd4 6. a4 Nxb5 7. axb5 e6 8.
O-O Ne7 9. d4 cxd4 10. Nxd4 O-O 11. Be3 b6 12. f5 f6 13. fxe6 dxe6 14. Qf3
Bd7 15. Qe2 Qc7 16. Rfd1 f5 17. exf5 Nxf5 18. Nxf5 Rxf5 19. Qd3 Raf8 20.
Bd4 e5 21. Be3 Be6 22. Ne4 Bc4 23. Qc3 R5f7 24. h3 Bxb5 25. Nd6 Qxc3 26.
bxc3 Be2 27. Nxf7 Bxd1 28. Nh6+ Bxh6 29. Bxh6 Rd8 30. Rxa7 Bxc2 31. Rg7+
Kh8 32. Rb7 1-0

[Event "38th Olympiad"]
[Site "Dresden GER"]
[Date "2008.11.23"]
[Round "10"]
[White "Hamad,Ah"]
[Black "Elbaruni,M"]
[Result "1-0"]
[WhiteElo "2287"]
[BlackElo "2072"]
[EventDate "2008.11.13"]

1. g3 d5 2. f4 Nf6 3. Nf3 c5 4. Bg2 Nc6 5. d3 g6 6. O-O Bg7 7. Qe1 O-O 8.
e4 dxe4 9. dxe4 Nd4 10. Na3 Nxf3+ 11. Bxf3 e5 12. Qe2 Re8 13. f5 gxf5 14.
exf5 Bxf5 15. Bxb7 Be4 16. Rd1 Bxb7 17. Rxd8 Raxd8 18. Bg5 Rd7 19. Bxf6 1-0

[Event "38th Olympiad"]
[Site "Dresden GER"]
[Date "2008.11.23"]
[Round "10"]
[White "Asabri,Hu"]
[Black "Raes,A"]
[Result "1/2-1/2"]
[WhiteElo "2191"]
[BlackElo "2202"]
[EventDate "2008.11.13"]

1. d4 Nf6 2. Nf3 e6 3. c4 b6 4. Nbd2 Bb7 5. e3 d6 6. Bd3 Nbd7 7. O-O Be7 8.
b3 c5 9. Bb2 O-O 10. Qe2 Qc7 11. Rac1 Rfe8 12. Ng5 h6 13. f4 Nf8 14. Nge4
Nxe4 15. Nxe4 cxd4 16. exd4 f5 17. Ng3 Bh4 18. Qh5 Bxg3 19. hxg3 Qf7 20.
Qh3 h5 21. d5 g6 22. g4 fxg4 23. Qh4 Nh7 24. Qe1 Nf6 25. Qc3 Rf8 26. dxe6
Qxe6 27. Rce1 Qf7 28. f5 Qc7 29. fxg6 Qc5+ 30. Qd4 Nd7 31. Re7 Rxf1+ 32.
Bxf1 Bc6 33. Qxc5 bxc5 34. Re6 Rc8 35. Rxd6 Nf8 36. Rf6 Be4 37. Rf7 Nxg6
38. Rg7+ Kf8 39. Rxa7 Rd8 40. Ba3 Rd1 41. Bxc5+ Kg8 1/2-1/2

[Event "38th Olympiad"]
[Site "Dresden GER"]
[Date "2008.11.23"]
[Round "10"]
[White "Hakki,I"]
[Black "Ghattour,M"]
[Result "1-0"]
[WhiteElo "2422"]
[BlackElo "1984"]
[EventDate "2008.11.13"]

1. e4 Nf6 2. e5 Nd5 3. d4 d6 4. Nf3 Bg4 5. Be2 Nc6 6. c4 Nb6 7. e6 fxe6 8.
h3 Bxf3 9. Bxf3 g6 10. d5 Ne5 11. Be2 Qd7 12. f4 Nexc4 13. Bxc4 Nxc4 14.
Qd4 Bg7 15. Qxg7 O-O-O 16. Qd4 exd5 17. Qxd5 Nb6 18. Qb3 Rdf8 19. O-O e5
20. Nc3 g5 21. fxg5 Rxf1+ 22. Kxf1 d5 23. Kg1 e4 24. Qd1 Re8 25. Qd4 Qd6
26. Nb5 Qg3 27. Qe3 Qe5 28. Nxa7+ Kb8 29. Nb5 d4 30. Qxd4 Qxb5 31. Be3 Qa6
32. b3 Nc8 33. Bf4 Re6 34. Rc1 Nd6 35. Qh8+ Re8 36. Qxh7 Qb6+ 37. Kh2 e3
38. g6 e2 39. Bg3 Nb5 40. Qd7 Re3 41. Qd8+ Ka7 42. Qg5 Nc3 43. g7 e1=Q 44.
Rxe1 Rxe1 45. Bxe1 Ne2 46. Bf2 1-0

[Event "38th Olympiad"]
[Site "Dresden GER"]
[Date "2008.11.23"]
[Round "10"]
[White "Rizouk,A"]
[Black "Roselli Mailhe,B"]
[Result "1-0"]
[WhiteElo "2507"]
[BlackElo "2368"]
[EventDate "2008.11.13"]

1. e4 e5 2. Bc4 Nf6 3. d3 Nc6 4. Nf3 Bc5 5. c3 d6 6. O-O a6 7. Bb3 Ba7 8.
Be3 O-O 9. Nbd2 h6 10. h3 Ne7 11. Nh4 Be6 12. Bxa7 Rxa7 13. f4 exf4 14.
Rxf4 Nh7 15. Rf2 d5 16. d4 dxe4 17. Bxe6 fxe6 18. Rxf8+ Nxf8 19. Nxe4 Nd5
20. Qh5 Ra8 21. Rf1 Qe8 22. Qg4 Nd7 23. Rf3 b5 24. b3 Kh7 25. Rg3 Qf7 26.
c4 bxc4 27. bxc4 N5f6 28. Qf3 Re8 29. Ng6 Kg8 30. Ne5 Qe7 31. Nc6 Qf7 32.
Kh2 Nh5 33. Qxf7+ Kxf7 34. Ra3 Ra8 35. Ne5+ Nxe5 36. dxe5 g5 37. Rd3 Ke7
38. Nc5 Nf4 39. Rd7+ Ke8 40. g3 Ng6 41. Rg7 Nf8 42. Rxc7 Rd8 43. Ne4 Ng6
44. Nd6+ Kf8 45. Rf7+ Kg8 46. Rf6 Nxe5 47. Rxe6 Nf3+ 48. Kg2 Nd4 49. Re8+
Rxe8 50. Nxe8 Kf7 51. Nc7 a5 52. Nb5 Nc6 53. a4 Ne5 54. c5 Ke6 55. Nd4+ Kd5
56. Nb3 Nc6 57. Kf3 Ne5+ 58. Ke3 Nc4+ 59. Kf3 Ne5+ 60. Ke2 Nc4 61. c6 Kxc6
62. Kf3 Kd5 63. Kg4 Ke4 64. Kh5 Kf3 65. g4 Kg3 66. Kxh6 Kh4 67. Kg6 Ne5+
68. Kf5 Nc4 69. Kf6 Nb6 70. Nc5 Nd5+ 71. Kf5 Ne7+ 72. Kf6 Nd5+ 73. Ke5 Nf4
74. Ne4 Nxh3 75. Kf5 Nf4 76. Nxg5 Nd5 77. Nf3+ Kg3 78. Ne5 Ne3+ 79. Kg5 Nd5
80. Nc4 Kf3 81. Kf5 Nc3 82. g5 1-0

[Event "38th Olympiad"]
[Site "Dresden GER"]
[Date "2008.11.23"]
[Round "10"]
[White "Larrea,M"]
[Black "Sebih,K"]
[Result "1-0"]
[WhiteElo "2267"]
[BlackElo "2295"]
[EventDate "2008.11.13"]

1. e4 e5 2. Nf3 Nc6 3. Bc4 Nf6 4. d3 Be7 5. O-O O-O 6. Re1 d6 7. c3 a6 8.
Bb3 Na5 9. Bc2 c5 10. Nbd2 Re8 11. Nf1 Bf8 12. Ng3 g6 13. d4 cxd4 14. cxd4
Nc6 15. d5 Nb4 16. Bb1 a5 17. a3 Na6 18. b4 Bd7 19. Bd2 axb4 20. axb4 Qb6
21. Bd3 Reb8 22. Qe2 Bc8 23. Nf1 Qd8 24. Ne3 Nc7 25. Rac1 Ra2 26. Bc4 Ra4
27. Bb3 Ra3 28. Bc2 b5 29. Bd3 Bd7 30. Nc2 Ra6 31. Na1 Ra3 32. Bc3 Bh6 33.
Rc2 Rc8 34. Bd2 Bxd2 35. Qxd2 Na6 36. Rec1 Rxc2 37. Nxc2 Rb3 38. h3 Kg7 39.
Ra1 Qb6 40. Ra3 Rxa3 41. Nxa3 Nc7 42. Qc3 Nfe8 43. g4 f6 44. Kg2 h6 45. Nd2
Qa7 46. Nf1 Qa4 47. Bc2 Qa8 48. Ne3 Qc8 49. Bd3 Qb7 50. Qb3 Na6 51. Kf1
Nec7 52. Ke2 Qb6 53. Nac2 Ne8 54. Qa3 Kf7 55. Nd1 Ke7 56. Qc1 g5 57. Qa3
Kd8 58. Nc3 Nec7 59. Qa1 Ne8 60. Qg1 Kc8 61. Kd2 Nac7 62. Qf1 Kb7 63. Kc1
Ka6 64. Kb2 Kb7 65. Kb3 Ng7 66. Qe2 Nge8 67. Na3 Ka6 68. Qa2 Kb7 69. Qd2
Ka6 70. Qe2 Ng7 71. Naxb5 Nxb5 72. Ka4 Ne8 73. Bxb5+ Bxb5+ 74. Qxb5+ Qxb5+
75. Nxb5 Kb6 76. Na3 Kb7 77. Nc4 Kc7 78. Ka5 Kb7 79. b5 Ka7 80. b6+ Kb8 81.
Ka6 Ka8 82. Na5 1-0

[Event "38th Olympiad"]
[Site "Dresden GER"]
[Date "2008.11.23"]
[Round "10"]
[White "Goutali,T"]
[Black "Carvalho,Gu"]
[Result "1-0"]
[WhiteElo "2225"]
[BlackElo "2249"]
[EventDate "2008.11.13"]

1. e4 e5 2. Bc4 Nf6 3. d3 c6 4. Nf3 d5 5. Bb3 Bd6 6. Nc3 Be6 7. Bg5 Qa5 8.
Bxf6 gxf6 9. O-O Nd7 10. Nh4 h5 11. exd5 cxd5 12. Qf3 d4 13. Ne4 Be7 14.
Nf5 Bxb3 15. Ned6+ Bxd6 16. Nxd6+ Ke7 17. axb3 Qb6 18. Nf5+ Kf8 19. Qh3 Nc5
20. Rae1 Ne6 21. Qf3 Rc8 22. h4 Qc6 23. Re4 Nc5 24. Qg3 Ne6 25. Qf3 Nc5 26.
Qg3 Ne6 27. f4 Qxc2 28. fxe5 Rg8 29. Qf3 fxe5 30. Nxd4 Rxg2+ 31. Qxg2 Qxg2+
32. Kxg2 Nxd4 33. Rxe5 Rc2+ 34. Rf2 Rc7 35. Rxh5 Nxb3 36. Rg5 1-0

[Event "38th Olympiad"]
[Site "Dresden GER"]
[Date "2008.11.23"]
[Round "10"]
[White "Ziska,H"]
[Black "Eid,Fa"]
[Result "1-0"]
[WhiteElo "2416"]
[BlackElo "2390"]
[EventDate "2008.11.13"]

1. f4 d5 2. Nf3 Bg4 3. Ne5 h5 4. c4 Nd7 5. Nxg4 hxg4 6. cxd5 Ngf6 7. g3 Nb6
8. Bg2 Nfxd5 9. d4 e6 10. e4 Nb4 11. a3 Qxd4 12. axb4 Bxb4+ 13. Ke2 Qc4+
14. Qd3 Qc6 15. Na3 Rh5 16. Nc2 Be7 17. Nd4 Qd7 18. Nb3 Qxd3+ 19. Kxd3
O-O-O+ 20. Ke2 Rb5 21. Nd2 a5 22. Rd1 Bc5 23. Nb1 Bd4 24. Na3 Rh5 25. Nc2
Rxh2 26. Kf1 Bf6 27. Rxd8+ Bxd8 28. Rxa5 c6 29. Ne3 Rh6 30. Nxg4 Rg6 31.
Bf3 Nc4 32. Ra8+ Kd7 33. b3 f5 34. exf5 exf5 35. bxc4 fxg4 36. Be4 Rd6 37.
Bf5+ 1-0

[Event "38th Olympiad"]
[Site "Dresden GER"]
[Date "2008.11.23"]
[Round "10"]
[White "Khairallah,F"]
[Black "Olsen,H"]
[Result "0-1"]
[WhiteElo "2337"]
[BlackElo "2376"]
[EventDate "2008.11.13"]

1. e4 e5 2. Nf3 Nc6 3. Bb5 a6 4. Ba4 Nf6 5. O-O Be7 6. Re1 b5 7. Bb3 d6 8.
c3 O-O 9. h3 Na5 10. Bc2 c5 11. d4 Qc7 12. Nbd2 Bd7 13. Nf1 Nc4 14. Ng3 g6
15. b3 Nb6 16. Bg5 Rfd8 17. Qd2 b4 18. d5 bxc3 19. Qxc3 Rdc8 20. Be3 a5 21.
Nd2 a4 22. Nc4 Rcb8 23. f4 axb3 24. axb3 Rxa1 25. Rxa1 exf4 26. Bxf4 Be8
27. Rf1 Nxc4 28. bxc4 Nd7 29. Ba4 Bf6 30. Qc1 Ne5 31. Bxe8 Rxe8 32. Bh6 Bh8
33. Qg5 Qe7 34. Qxe7 Rxe7 35. Ra1 Nf3+ 36. gxf3 Bxa1 37. Bf4 Rd7 38. Ne2
Kf8 39. Bg3 Ke7 40. Nc1 Rb7 0-1